000 00751nam a2200205 i 4500
001 13737
003 ES-MaACL
005 20230906150644.0
007 t|
008 980702s1979 fr ||||1| fre d
080 _a820-34"18"
100 1 _aCarroll, Lewis.
_935844
245 1 3 _aLe frelon a perruque
_b: un chapitre inédit de "l'autre côte du miroir" /
_cpar Lewis Carroll ; texte français de Bruno Roy avec une gravure et trois dessins d'Anne-Marie Soulcié.
260 _aMontpellier :
_bBibliothèque Artistique et Littéraire,
_c1979.
300 _a46 p. :
_bil. ;
_c22 cm.
500 _aTexto en inglés y francés.
700 1 _aRoy, Bruno.
_9100196
700 1 _aSoulcié, Anne-Marie.
_9107561
852 _aES-MaACL
_jL-21086
_bR.114486
999 _c13737
_d13737